<?xml version="1.0" encoding="UTF-8"?>
<collection xmlns="http://www.loc.gov/MARC21/slim">
 <record>
  <leader>00719nam a22001931  4500</leader>
  <controlfield tag="001">1/21431</controlfield>
  <controlfield tag="008">980224s1965    enk      e    00010 eng d</controlfield>
  <datafield tag="035" ind1=" " ind2=" ">
   <subfield code="l">22087</subfield>
  </datafield>
  <datafield tag="040" ind1=" " ind2=" ">
   <subfield code="a">GR-PeUP</subfield>
  </datafield>
  <datafield tag="082" ind1="0" ind2="0">
   <subfield code="a">657.03 EN</subfield>
  </datafield>
  <datafield tag="090" ind1=" " ind2=" ">
   <subfield code="a">R 657.03 EN</subfield>
  </datafield>
  <datafield tag="245" ind1="1" ind2="0">
   <subfield code="a">Encyclopedia of cost accounting systems.</subfield>
  </datafield>
  <datafield tag="260" ind1=" " ind2=" ">
   <subfield code="a">New Jersey:</subfield>
   <subfield code="b">Prentice-Hall,</subfield>
   <subfield code="c">1965.</subfield>
  </datafield>
  <datafield tag="300" ind1=" " ind2=" ">
   <subfield code="a">3 vol.;</subfield>
   <subfield code="c">24 cm.</subfield>
  </datafield>
  <datafield tag="650" ind1=" " ind2="4">
   <subfield code="a">Accounting</subfield>
   <subfield code="x">Encyclopedias.</subfield>
  </datafield>
  <datafield tag="650" ind1=" " ind2="4">
   <subfield code="a">Encyclopaedia.</subfield>
  </datafield>
  <datafield tag="852" ind1=" " ind2=" ">
   <subfield code="a">INST</subfield>
   <subfield code="b">UNIPILB</subfield>
   <subfield code="c">REF</subfield>
   <subfield code="e">20040709</subfield>
   <subfield code="h">657.03 EN</subfield>
   <subfield code="p">00115155</subfield>
   <subfield code="q">00115155</subfield>
   <subfield code="t">NOLOAN</subfield>
   <subfield code="v">v.1:</subfield>
   <subfield code="y">23</subfield>
   <subfield code="z">v.1</subfield>
   <subfield code="4">1</subfield>
  </datafield>
  <datafield tag="852" ind1=" " ind2=" ">
   <subfield code="a">INST</subfield>
   <subfield code="b">UNIPILB</subfield>
   <subfield code="c">REF</subfield>
   <subfield code="e">20040709</subfield>
   <subfield code="h">657.03 EN</subfield>
   <subfield code="p">00115156</subfield>
   <subfield code="q">00115156</subfield>
   <subfield code="t">NOLOAN</subfield>
   <subfield code="v">v.2:</subfield>
   <subfield code="y">23</subfield>
   <subfield code="z">v.2</subfield>
   <subfield code="4">1</subfield>
  </datafield>
  <datafield tag="852" ind1=" " ind2=" ">
   <subfield code="a">INST</subfield>
   <subfield code="b">UNIPILB</subfield>
   <subfield code="c">REF</subfield>
   <subfield code="e">20040709</subfield>
   <subfield code="h">657.03 EN</subfield>
   <subfield code="p">00115157</subfield>
   <subfield code="q">00115157</subfield>
   <subfield code="t">NOLOAN</subfield>
   <subfield code="v">v.3:</subfield>
   <subfield code="y">23</subfield>
   <subfield code="z">v.3</subfield>
   <subfield code="4">1</subfield>
  </datafield>
 </record>
</collection>
